Football - Joueurs lorsqu'ils étaient Enfants - Statistiques

Statistiques générales
  • Ce quiz a été pris 426 fois
  • Le résultat moyen est 8 sur 16
Statistiques - réponses
Par images Réponse % Correct
Cristiano Ronaldo
98%
Antoine Griezmann
86%
Wayne Rooney
79%
Bruno Fernandes
68%
Franck Ribéry
60%
Robert Lewandowski
55%
Aurélien Tchouaméni
54%
Virgil Van Dijk
47%
Luka Modric
43%
Karim Benzema
37%
Manuel Neuer
36%
Zlatan Ibrahimovic
34%
Andres Iniesta
26%
Kinglsey Coman
22%
Jude Bellingham
9%
Alexandre Lacazette
0%
Aucun quiz correspondant
Distribution des résultats
% des personnes avec chaque résultat
Percentile par nombre de réponses
Votre historique - résultats
Vous n’avez pas pris ce quiz